Bilecik Bilecik Bilecik Bilecik Bilecik

Çuvaş atasözleri ve deyimleri : (Record no. 10801)

MARC details
000 -BAŞLIK
Sabit Uzunluktaki Kontrol Alanı 01224nam a22003617a 4500
001 - KONTROL NUMARASI
Control Dosyası 0010831
003 - KONTROL NUMARASI KİMLİĞİ
Kontrol Alanı KOHA_MİRAKIL
005 - EN SON İŞLEM TARİHİ ve ZAMANI
Kontrol Alanı 20260207001757.0
007 - FİZİKSEL TANIM SABİT ALAN - GENEL BİLGİ
Sabit uzunluklu kontrol alanı ta
008 - SABİT UZUNLUKTAKİ VERİ ÖGELERİ - GENEL BİLGİ
Sabit Alan 091120b1996 tu |||grd|||#0|||1|tur |
020 ## - ISBN - ULUSLARARASI STANDART KİTAP NUMARASI
Isbn 9757172081
Kullanılabilirlik koşulları 6,5
040 ## - KATALOGLAMA KAYNAĞI
Özgün Kataloglama Kurumu TR-BiSEU
Kataloglama Dili tur
Çeviri Kurumu TR-BiSEU
Açıklama Kuralları rda
041 0# - DİL KODU
Metin ya da ses kaydının dil kodu tur
044 ## - YAYINLAYAN/ÜRETEN KURULUŞUN ÜLKE KODU
ISO country code tu
050 ## - SINIFLAMA ve YER NUMARASI
Sınıflama Numarası PL383
Yer Numarası .C49 1996
100 1# - KİŞİ ADI
Yazar Adı (Kişi adı) Ceylan, Emine.
245 1# - ESER ADI BİLDİRİMİ
Başlık Çuvaş atasözleri ve deyimleri :
Alt Eseradı vb. Çuvaşça-Türkçe, Türkçe-Çuvaşça sözlük/
Sorumluluk Bildirimi Emine Ceylan ; Emine Ceylan.
264 #1 - ÜRERİM, YAYIN, DAĞITIM ve TELİF BİLDİRİMİ
Yayın yeri Ankara :
Yayınlayan Simurg Kitapçılık ve Yayıncılık
Yayın tarihi 1996
300 ## - FİZİKSEL TANIMLAMA
Sayfa, Cilt vb. xxii, 197 sayfa
336 ## - İÇERİK TÜRÜ
Content type term metin
Content type code txt
Source rdacontent
337 ## - MEDYA TÜRÜ
Media type term aracısız
Media type code n
Source rdamedia
338 ## - TAŞIYICI TÜRÜ
Carrier type term cilt
Carrier type code nc
Source rdacarrier
490 1# - DİZİ BİLDİRİMİ
Dizi Bildirimi Türk dilleri arastırmaları dizisi ;
Cilt Numarası 10.
500 ## - GENEL NOT
Genel Not Includes bibliographical references.
500 ## - GENEL NOT
Genel Not In Chuvash (Cyrillic and roman) and Turkish.
650 #0 - KONU BAŞLIĞI EK GİRİŞ - KONU TERİMİ
Konusal terim veya coğrafi ad Proverbs, Chuvash.
9 (RLIN) 26429
650 #0 - KONU BAŞLIĞI EK GİRİŞ - KONU TERİMİ
Konusal terim veya coğrafi ad Proverbs, Turkish.
9 (RLIN) 26430
650 #0 - KONU BAŞLIĞI EK GİRİŞ - KONU TERİMİ
Konusal terim veya coğrafi ad Chuvash language--Idioms.
9 (RLIN) 26431
650 #0 - KONU BAŞLIĞI EK GİRİŞ - KONU TERİMİ
Konusal terim veya coğrafi ad Chuvash language--Dictionaries--Turkish.
9 (RLIN) 26432
830 1# - SERİ EK GİRİŞİ - TEKBİÇİM ESER ADI
Tekbiçim Başlık Türk dilleri arastırmaları dizisi ;
Volume number/sequential designation 10.
9 (RLIN) 26433
907 ## - LOCAL DATA ELEMENT G, LDG (RLIN)
a Sözlük
942 ## - EK GİRİŞ ÖGELERİ (KOHA)
Source of classification or shelving scheme Library of Congress Classification
Koha item type Book
Holdings
Materyal Türü Kalıcı Konum Mevcut Konum Raf Yeri Koleksiyon Kodu Sınıflandırma Kaynağı Edinim Bilgisi Ana Konular Alt Konular Yer Numarası Demirbaş Numarası Fatura Tarihi Maliyet, Alış Fiyatı Maliyet, Yenileme Fiyatı Geri Çekilme Durumu Kayıp Durumu Hasarlı Durumu Kredi için değil Kayıt Tarih Toplam Ödünçverme Son Görülme Tarihi Son Kontrol Tarihi
Danışma Kaynakları Prof. Dr. Azmi Özcan Kütüphanesi Prof. Dr. Azmi Özcan Kütüphanesi Birûni Salonu Referans Library of Congress Classification Satın DİL VE EDEBİYAT Doğu Asya, Afrika, Okyanusya Dilleri ve Edebiyatları PL383 .C49 1996 0010831 20/11/2009 7.02 7.02       Ödünç verilmez 20/11/2009   05/12/2024 05/12/2024